Champion WRC2 des Rallyes - Statistiques

Statistiques générales
  • Ce quiz a été pris 104 fois
    36 depuis la dernière actualisation
  • Le résultat moyen est 7 sur 13
Statistiques - réponses
Année Pilote Nationalité Voiture % Correct
2025 Oliver Solberg Suède Toyota GR Yaris Rally2
100%
2024 Sami Pajari Finlande Toyota GR Yaris Rally2
77%
2019 Kalle Rovanpera Finlande Skoda Fabia evo R5
74%
2023 Andreas Mikkelsen Norvège Skoda Fabia RS Rally2
65%
2021 Andreas Mikkelsen Norvège Skoda Fabia evo R5
65%
2013 Robert Kubica Pologne Citroen DS3 R5
55%
2020 Mads Ostberg Norvège Citroen C3 R5
48%
2015 Nasser Al-Attiyah Qatar Ford Fiesta R5
45%
2014 Nasser Al-Attiyah Qatar Ford Fiesta R5
45%
2016 Esapekka Lappi Finlande Skoda Fabia R5
42%
2018 Jan Kopecky République Tchèque Skoda Fabia R5
39%
2017 Pontus Tidemand Suède Skoda Fabia R5
26%
2022 Emil Lindholm Finlande Skoda Fabia RS Rally2
23%
Aucun quiz correspondant
Distribution des résultats
% des personnes avec chaque résultat
Percentile par nombre de réponses
Votre historique - résultats
Vous n’avez pas pris ce quiz depuis la dernière actualisation